000 00537nam a22001577a 4500
999 _c11949
_d11949
008 190112b ||||| |||| 00| 0 eng d
020 _a971-542-288-8
082 _22001
_aDFil 899.211
_bP53
245 _aPilandok Went for a Midwife(Maranao)/
_cDamiana Eugenio [Compiler and Editor]
260 _aQuezon City:
_bUP Press;
_cc2001.
300 _aPage 336-337;
_c23 cm.
500 _aPhilippine folk literature: The folk tales
650 _aFolklore
_933965
650 _aPhilippine folk literature--Collections
_933966
942 _2ddc
_cDFIL